| 000 | 00734nam a2200241Ia 4500 | ||
|---|---|---|---|
| 003 | OSt | ||
| 005 | 20220924125518.0 | ||
| 006 | a|||||r|||| 00| 0 | ||
| 007 | ta | ||
| 008 | 220923b |||||||| |||| 00| 0 san d | ||
| 024 | _a77795 | ||
| 037 | _cTextual | ||
| 040 |
_aARTS _cARTS _bsan |
||
| 041 |
_2san _asan |
||
| 082 | _aR693x2:5, 15K0 | ||
| 100 |
_aJain Kailash Chandra ed _9198403 |
||
| 245 | 0 |
_aKunda Kunda prabhrita sangaha _b compiled from kundakunda's work |
|
| 260 |
_aSholapur _bJain Sanskrit Sansrakshaka Sangh _c1960 |
||
| 490 | _aJiraraja jaina Granthamala; 9 | ||
| 650 | _aJAIN PHILOSOPHY | ||
| 942 |
_hR693x2:5, 15K0 _cTEXL _2CC |
||
| 999 |
_c422804 _d422804 |
||